01470cam a2200277 a 450000100090000000300040000900500170001300800410003001000170007102000180008804000180010605000240012408200240014810000290017224501060020126000470030730000210035450400540037550506790042952100130110854100060112156200060112765000250113365000130115865000210117115513690OSt20140310181917.0081106s2009 tnu b 000 0 eng  a 2008044839 a9780785214120 aDLCcDLCdDLC00aHF 5386b.M444 200900aHS 248.8 bB25 19821 aMaxwell, John C.,d1947-10aPut your dream to the test :b10 questions that will help you see it and seize it /cJohn C. Maxwell. aNashville, Tenn. :bThomas Nelson,cc2009. a234 p. ;c24 cm. aIncludes bibliographical references (p. 227-234).0 aThe ownership question : is my dream really my dream? -- The clarity question : do I clearly see my dream? -- The reality question : am I depending on factors within my control to achieve my dream? -- The passion question : does my dream compel me to follow it? -- The pathway question : do I have a strategy to reach my dream? -- The people question : have I included the people I need to realize my dream? -- The cost question : am I willing to pay the price for my dream? -- The tenacity question : am I moving closer to my dream? -- The fulfillment question : does working toward my dream bring satisfaction? -- The significance question : does my dream benefit others?. aFaculty. j1 e1 0aSuccess in business. 0aSuccess. 0aConduct of life.